Tratado de marcas comerciales

Guardat en:
Dades bibliogràfiques
Autor principal: Larraguibel Zavala, Santiago (Autor)
Format: Llibre
Idioma:espanyol
Publicat: Santiago, Chile Jurídica de Chile 1987
Matèries:
Etiquetes: Afegir etiqueta
Sense etiquetes, Sigues el primer a etiquetar aquest registre!

MARC

LEADER 00000nam a2200000 a 4500
001 UCV0240
003 CL-VaPUC
005 20250314153248.0
008 880705e19870000CL |||||||||||||||||spa|d
999 |c 208879  |d 208877 
040 |c Pontificia Universidad Católica de Valparaíso 
082 0 4 |a 346.048 LAR 1987  |b    |2 21 
100 |a Larraguibel Zavala, Santiago  |e author  |9 767429 
245 1 0 |a Tratado de marcas comerciales 
260 |a Santiago, Chile   |b Jurídica de Chile  |c 1987 
300 |a 312 páginas  
583 |a last modification  |c 19880705 00:00:00  |k Rodrigo Vera 
650 0 |a Propiedad industrial  |z CHILE   |9 255086 
852 |a BIBDER 
942 |c BK  |2 ddc 
945 |d 19880705 00:00:00 
952 |0 0  |1 0  |4 0  |6 346_048000000000000_LAR_1987  |7 0  |8 A  |9 183846  |a BIBDER  |b BIBDER  |d 2019-11-14  |i 2504413  |l 1  |o 346.048 LAR 1987  |p 2504413  |r 2025-04-23  |s 2025-04-16  |w 2019-11-14  |y BK  |k DER